Flora of the Upper Gangetic Plain : (Record no. 593357)

MARC details
000 -LEADER
fixed length control field 00481nam a2200193 a 4500
008 - FIXED-LENGTH DATA ELEMENTS--GENERAL INFORMATION
fixed length control field 251024s2015##################000#0#eng##
020 ## - INTERNATIONAL STANDARD BOOK NUMBER
ISBN 1330518209
082 04 - DEWEY DECIMAL CLASSIFICATION NUMBER
Classification number 582.0952
Item number RAI
100 1# - MAIN ENTRY--AUTHOR NAME
Personal name Duthie, J. F.,
245 10 - TITLE STATEMENT
Title Flora of the Upper Gangetic Plain :
260 ## - PUBLICATION, DISTRIBUTION, ETC. (IMPRINT)
Year of publication 2015.
300 ## - PHYSICAL DESCRIPTION
Number of Pages 280 pages
650 #0 - SUBJECT ADDED ENTRY--TOPICAL TERM
Topical Term Science.
942 ## - ADDED ENTRY ELEMENTS (KOHA)
Koha item type English Books
Holdings
Withdrawn status Lost status Damaged status Not for loan Home library Current library Shelving location Date acquired Full call number Accession Number Price effective from Koha item type
        Anna Centenary Library Anna Centenary Library 5TH FLOOR, B WING 24.10.2025 582.0952 RAI 117649 24.10.2025 English Books

Find us on the map